|
|
|
|
| LEADER |
00000nam2a2200000 4500 |
| 001 |
333793 |
| 005 |
20231102004606.0 |
| 020 |
|
|
|a RU
|b 83-20250
|
| 035 |
|
|
|a (RuTPU)RU\TPU\book\359809
|
| 035 |
|
|
|a RU\TPU\book\359808
|
| 090 |
|
|
|a 333793
|
| 100 |
|
|
|a 20170626g1978 k y0rusy5003 ca
|
| 101 |
0 |
|
|a rus
|
| 102 |
|
|
|a RU
|
| 105 |
|
|
|a a z 001zy
|
| 200 |
0 |
|
|a Вып. 6
|f под ред. А. К. Аракеляна
|
| 210 |
|
|
|d 1978
|
| 215 |
|
|
|a 119 с.
|c ил.
|
| 306 |
|
|
|a Изд. выходит с 1971 г.
|
| 320 |
|
|
|a Библиография в конце статей
|
| 320 |
|
|
|a Библиография в конце статей
|
| 461 |
|
1 |
|0 (RuTPU)RU\TPU\book\326502
|t Электрооборудование промышленных предприятий
|o сборник статей
|f Чувашский государственный университет (ЧГУ)
|v Вып. 6
|d 1971-
|
| 606 |
1 |
|
|a Промышленные предприятия
|x Электрооборудование
|2 stltpush
|3 (RuTPU)RU\TPU\subj\52738
|9 71141
|
| 610 |
1 |
|
|a электроприводы
|
| 610 |
1 |
|
|a вентильные двигатели
|
| 610 |
1 |
|
|a коммутация
|
| 610 |
1 |
|
|a синхронные двигатели
|
| 610 |
1 |
|
|a реверсивные двигатели
|
| 610 |
1 |
|
|a бесконтактные двигатели
|
| 610 |
1 |
|
|a динамические режимы
|
| 610 |
1 |
|
|a частотно-управляемые электродвигатели
|
| 610 |
1 |
|
|a переходные режимы
|
| 610 |
1 |
|
|a каскадный генератор
|
| 610 |
1 |
|
|a автономное питание
|
| 675 |
|
|
|a 658.26:621.31
|z rus
|v 3
|
| 702 |
|
1 |
|a Аракелян
|b А. К.
|g Александр Карапетович
|4 340
|
| 801 |
|
0 |
|a RU
|b 63413507
|c 19950704
|g psbo
|
| 801 |
|
1 |
|a RU
|b 63413507
|c 20150731
|
| 801 |
|
2 |
|a RU
|b 63413507
|c 20170630
|g RCR
|
| 942 |
|
|
|c BK
|